MARC

LEADER 00000nam2a2200000 4500
001 269229
005 20231101234233.0
035 |a (RuTPU)RU\TPU\book\292402 
090 |a 269229 
100 |a 20140916d1986 km y0rusy50 ca 
101 0 |a rus 
102 |a UA 
105 |a a z 001zy 
200 0 |a Вып. 34 
210 |d 1986 
215 |a 132 с.  |c ил. 
320 |a Библиография в конце статей 
461 1 |0 (RuTPU)RU\TPU\book\121569  |x 0320-6920  |t Автоматизация проектирования в электронике  |o республиканский межведомственный научно-технический сборник  |f Киевский политехнический институт (КПИ)  |v Вып. 34  |d 1978-1991 
606 1 |a Электроника  |2 stltpush  |3 (RuTPU)RU\TPU\subj\20310  |9 45419 
610 1 |a проектирование 
610 1 |a автоматизация 
610 1 |a электронные схемы 
610 1 |a анализ 
610 1 |a программы 
610 1 |a качество 
610 1 |a РЭА 
610 1 |a радиоэлектронная аппаратура 
610 1 |a автоматизированное проектирование 
610 1 |a интерактивные системы 
610 1 |a имитационное моделирование 
610 1 |a микросхемы 
610 1 |a температурный анализ 
610 1 |a компоненты 
610 1 |a допуски 
610 1 |a расчет 
610 1 |a минимаксная оптимизация 
610 1 |a САПР 
610 1 |a автоматическое управление 
610 1 |a численные методы 
610 1 |a биполярные транзисторы 
610 1 |a компараторы 
610 1 |a пьезотрансформаторы 
610 1 |a электронно-лучевые приборы 
675 |a 621.38  |v 4 
801 1 |a RU  |b 63413507  |c 20140916 
801 2 |a RU  |b 63413507  |c 20170222  |g RCR 
942 |c BK